Droplet Spreading Process Impact on Ignition Characteristics of Condensed Materials; MATEC Web of Conferences; Vol. 72 : Heat and Mass Transfer in the System of Thermal Modes of Energy – Technical and Technological Equipment (HMTTSC-2016)
| Parent link: | MATEC Web of Conferences Vol. 72 : Heat and Mass Transfer in the System of Thermal Modes of Energy – Technical and Technological Equipment (HMTTSC-2016).— 2016.— [01063, 5 p.] |
|---|---|
| Tác giả chính: | |
| Tác giả của công ty: | |
| Tác giả khác: | , |
| Tóm tắt: | Title screen Mathematical simulation of condensed material solid-phase ignition in the context of the in-situ heating by the melted or heated to high temperature metal droplet was carried out. The authors developed the mathematical model that describes the heat transfer process in the "droplet – condensed material" system by the system of heat transfer equations with boundary and initial conditions. The problem is solved by the finite difference method. Four modes of condensed material ignition that are distinguished by the temperature range of every mode were identified for standard conditions of the in-situ heat effect. |
| Ngôn ngữ: | Tiếng Anh |
| Được phát hành: |
2016
|
| Những chủ đề: | |
| Truy cập trực tuyến: | http://dx.doi.org/10.1051/matecconf/20167201063 http://earchive.tpu.ru/handle/11683/33458 |
| Định dạng: | Điện tử Chương của sách |
| KOHA link: | https://koha.lib.tpu.ru/cgi-bin/koha/opac-detail.pl?biblionumber=649931 |
MARC
| LEADER | 00000nla2a2200000 4500 | ||
|---|---|---|---|
| 001 | 649931 | ||
| 005 | 20231101134607.0 | ||
| 035 | |a (RuTPU)RU\TPU\network\15101 | ||
| 035 | |a RU\TPU\network\15098 | ||
| 090 | |a 649931 | ||
| 100 | |a 20160831a2016 k y0engy50 ba | ||
| 101 | 0 | |a eng | |
| 105 | |a y z 100zy | ||
| 135 | |a drgn ---uucaa | ||
| 181 | 0 | |a i | |
| 182 | 0 | |a b | |
| 200 | 1 | |a Droplet Spreading Process Impact on Ignition Characteristics of Condensed Materials |f G. Ya. Mamontov, G. V. Taratushkina, E. Yu. Kurilenko | |
| 203 | |a Text |c electronic | ||
| 300 | |a Title screen | ||
| 320 | |a [References: 10 tit.] | ||
| 330 | |a Mathematical simulation of condensed material solid-phase ignition in the context of the in-situ heating by the melted or heated to high temperature metal droplet was carried out. The authors developed the mathematical model that describes the heat transfer process in the "droplet – condensed material" system by the system of heat transfer equations with boundary and initial conditions. The problem is solved by the finite difference method. Four modes of condensed material ignition that are distinguished by the temperature range of every mode were identified for standard conditions of the in-situ heat effect. | ||
| 461 | 0 | |0 (RuTPU)RU\TPU\network\4526 |t MATEC Web of Conferences | |
| 463 | 0 | |0 (RuTPU)RU\TPU\network\14977 |t Vol. 72 : Heat and Mass Transfer in the System of Thermal Modes of Energy – Technical and Technological Equipment (HMTTSC-2016) |o April 19-21, 2016, Tomsk, Russia |o [proceedings] |f National Research Tomsk Polytechnic University (TPU) ; eds. G. V. Kuznetsov [et al.] |v [01063, 5 p.] |d 2016 | |
| 610 | 1 | |a электронный ресурс | |
| 610 | 1 | |a труды учёных ТПУ | |
| 610 | 1 | |a капли | |
| 610 | 1 | |a спектры | |
| 610 | 1 | |a зажигание | |
| 610 | 1 | |a конденсированные вещества | |
| 610 | 1 | |a твердофазное зажигание | |
| 610 | 1 | |a тепло | |
| 610 | 1 | |a конечные разности | |
| 700 | 1 | |a Mamontov |b G. Ya. |c mathematician |c Professor of Tomsk Polytechnic University, doctor of physical and mathematical Sciences |f 1945- |g Gennady Yakovlevich |2 stltpush |3 (RuTPU)RU\TPU\pers\35353 | |
| 701 | 1 | |a Taratushkina |b G. V. |g Galina | |
| 701 | 1 | |a Kurilenko |b E. Yu. |g Elena | |
| 712 | 0 | 2 | |a Национальный исследовательский Томский политехнический университет (ТПУ) |b Институт кибернетики (ИК) |b Кафедра инженерной графики и промышленного дизайна (ИГПД) |h 7273 |2 stltpush |3 (RuTPU)RU\TPU\col\18737 |
| 801 | 2 | |a RU |b 63413507 |c 20170120 |g RCR | |
| 856 | 4 | |u http://dx.doi.org/10.1051/matecconf/20167201063 | |
| 856 | 4 | |u http://earchive.tpu.ru/handle/11683/33458 | |
| 942 | |c CF | ||